000 00738cam a2200217 4500
001 WB3549-05
008 000000n1999 000 0 eng u
035 _a(Sirsi) u103222
245 _aSelf-certification plan
260 _c1999
490 _aBuilding
_v264(8116) 10 December 1999, 12(1)
520 _aThe Confederation of Construction Specialists has reacted negatively to a DETR proposal for main contractors to certify the work of their subcontractors, in a bid to prevent cowboy builders.
590 _aWB
650 _aCONFEDERATION OF CONSTRUCTION SPECIALISTS
650 _aCOWBOY BUILDERS
650 _aSELF-CERTIFICATION
650 _aSUBCONTRACTORS
650 _aDETR
690 _aBUILT ENVIRONMENT
942 _n0
999 _c62043
_d62043